Städte der Welt per Emojis #3 – Klicken - Statistiken

Allgemein
  • Dieses Quiz wurde 414 mal gespielt
  • Das Durchschnittsergebnis liegt bei 13 aus 15
Antwortstatistiken
Hint Antwort % Korrekt
🎬🌆🇺🇸 Los Angeles
95%
🐻🗼🇩🇪 Berlin
94%
🏯🐉🧧 Peking
92%
🇮🇸🌋🧊 Reykjavik
92%
⛱️🇪🇸⚽️ Barcelona
91%
🌷🚲🚤 Amsterdam
90%
🇵🇹🚋🏰 Lissabon
87%
🌺🏝️🌊 Honolulu
85%
🎭🚤🇮🇹 Venedig
82%
⛪️💰🧀 Zürich
82%
🌋⛵️🇳🇿 Auckland
81%
🇿🇦🐧🏝️ Kapstadt
80%
🇵🇪🦙⛪️ Lima
78%
🏰🍝🏟️ Mailand
74%
Ⓜ️🚕⚓️ Marseille
72%
Keine übereinstimmenden Quizze gefunden
Verteilung der Resultate
Anzahl Personen mit jedem Resultat
Perzentil nach korrekt beantworteten Fragen
Ihre Resultats-Entwicklung
Sie haben dieses Quiz noch nicht gespielt